000
00339nam a22001457a 4500
008
221108b ||||| |||| 00| 0 eng d
020
_a
8665272368
041
_a
eng
080
_2
1st EDITION
_a
004
082
_a
004
100
_a
20
101
_a
SHK
245
_a
ASCENT -CENTER FOR TECHNICAL KNOWLEDGE
_c
RASMUSSEN M
942
_2
udc
_c
BK
999
_c
58782
_d
58782